000 00537nam a22001817a 4500
082 _a510.02462
_bROS
100 _aRose, W.N
_938967
245 _aMathematics for engineers Part-I
250 _a9th ed.
260 _aoffset in Great Britain
_bLondon
_c1955
300 _axiv, 527 p,:
_bill, :
_c10 Cm
526 _a0
_b0
_c0
_d510_024620000000000_ROS
526 _a0
_b0
_c0
_d510_024620000000000_ROS
526 _a0
_b0
_c0
_d510_024620000000000_ROS
526 _a0
_b0
_c0
_d510_024620000000000_ROS
650 _aMCE
_9379
942 _2ddc
_cBK
999 _c543567
_d543567